000 00595nam a2200169 a 4500
001 000026905
005 20200930030500.0
008 110328s2000 dr ad r 000 0 spa d
040 _aDO-SdBNP
_bspa
_cBNPHU
082 _axxxx
_bT266c
100 1 _aTejeda, Raul
_954013
245 1 3 _aLa Ciénaga y Los Guandules :
_bcaraterísticas socioeconómicas y demográficas /
_cRaul Tejeda ; colaboración José Reyes...[et. al.].
260 _aSanto Domingo :
_bEditora Búho,
_c2000.
300 _a104 P. :
_bil., gráf. ;
_c24 cm.
590 _aInventariado, 2019/BT
700 1 _aReyes, José
_ecol.
_926980
999 _c26397
_d26397